Frutos del país
Salvato in:
| Autore principale: | |
|---|---|
| Natura: | Libro |
| Lingua: | spagnolo |
| Pubblicazione: |
Santiago
Andrés Bello
1984
|
| Edizione: | 1a. ed |
| Serie: | Colección Biblioteca Andrés Bello, 65
|
| Soggetti: | |
| Tags: |
Aggiungi Tag
Nessun Tag, puoi essere il primo ad aggiungerne!!
|
MARC
| LEADER | 00000nam a2200000 a 4500 | ||
|---|---|---|---|
| 001 | UCK7035 | ||
| 003 | CL-VaPUC | ||
| 008 | 051028e19840000CL |||||||||||||||||spa|d | ||
| 082 | 0 | 4 | |a Ch863 |b BAR |2 21 |
| 100 | 0 | |a Barrenechea Pino, Julio |e author |9 496505 | |
| 245 | 1 | 0 | |a Frutos del país |
| 250 | |a 1a. ed | ||
| 300 | |a 214 p | ||
| 942 | |c BK | ||
| 945 | |d 20051028 00:00:00 |a jcarroza | ||
| 260 | |a Santiago |b Andrés Bello |c 1984 | ||
| 650 | 0 | |a Literatura chilena |9 308278 | |
| 650 | 0 | |a Novelas chilenas |9 265425 | |
| 583 | |a last modification |c 20190729 11:34:51 |k Rodrigo Vera | ||
| 490 | 0 | |a Colección Biblioteca Andrés Bello, 65 | |
| 999 | |c 315128 |d 315126 | ||
| 952 | |0 0 |1 0 |4 0 |6 CH_863_000000000000000_BAR_1984 |7 0 |8 A |9 388079 |a FDOPOS |b FDOPOS |d 2019-11-22 |i 4177851 |o Ch863 BAR 1984 |p 4177851 |r 2025-01-22 |w 2019-11-22 |y BK |k MLH | ||